00485nam a22001577a 450000500170000000800410001702000150005804100130007308200160008610000260010224500650012825000190019326000550021230000350026765000250030220231107080815.0231107b |||||||| |||| 00| 0 eng d a0409013609 aEnglish  a346.47 BUR  aBurrell, TDlEnglish  aBurrell's South African Patent and Design Law /cTD Burrell  aThird Edition  aDurban : bButterworth Publisher (Pty) Ltd, c1999 bxiii, 1080 pages ; c25,5 cm.  aLegal practice bLaw